01524cam a2200409 i 4500001001300000003000600013005001700019008004100036020002600077020001500103035002200118040005500140050001500195072001500210072001500225082001700240100003900257245006200296264003300358300005600391336002100447336003500468337002500503338002300528490003200551500005600583520022500639600003500864655003100899655003000930655003000960830003600990936001401026942001201040948004501052999001701097on1443833295OCoLC20260525132112.0160617r20171995xxkb 000 f eng d a9781405928328q(pbk.) a1405928328 a(OCoLC)1443833295 aUKNYKbengerdacUKNYKdOCLCOdUKYRKdOCLCLdOCLCQ 4aPR6053.O75 7aHIS2eflch 7aHST2ukslc04a823.9/142231 aCornwell, Bernard,eauthor.95627014aThe winter king :ba novel of Arthur /cBernard Cornwell. 1aUK :bPenguin Books,c[2017] aviii, 494 pages :bmaps (black and white) ;c20 cm. atext2rdacontent acartographic image2rdacontent aunmediated2rdamedia avolume2rdacarrier1 aThe warlord chronicles ;vI aOriginally published: London: Michael Joseph, 1995.8 aAs he struggles to unite Britain and hold back the enemy at the gates, Arthur is embroiled in a doomed romance with beautiful Guinevere. Will the old-world magic of Merlin be enough to turn the tide of war in his favour?00aArthur,cKingvFiction.956271 0aArthurian romances.956272 7aHistorical.2eflch956273 7aHistorical.2ukslc956273 0aWarlord chronicles ;vI.956274 aBATCHLOAD 2lcccBK hNO HOLDINGS IN GHUCC - 21 OTHER HOLDINGS c54204d54204